5HLuxD.jpg

KING HENRY VIII SENIOR AND PRIMARY SCHOOL LIBRARY OPAC

Secrets according to Humphrey / (Record no. 1781)

000 -LEADER
fixed length control field 00853cam a2200253 a 4500
001 - CONTROL NUMBER
control field (Sirsi) a821328
003 - CONTROL NUMBER IDENTIFIER
control field OSt
005 - DATE AND TIME OF LATEST TRANSACTION
control field 20230127103625.0
008 - FIXED-LENGTH DATA ELEMENTS--GENERAL INFORMATION
fixed length control field 140521s2014 enk c 000 1 eng d
020 ## - INTERNATIONAL STANDARD BOOK NUMBER
International Standard Book Number 9780571282494 (pbk.) :
040 ## - CATALOGING SOURCE
Original cataloging agency TT
Language of cataloging eng
Transcribing agency TAE
Modifying agency KH8
042 ## - AUTHENTICATION CODE
Authentication code nbic
082 0# - DEWEY DECIMAL CLASSIFICATION NUMBER
Classification number 813.54 BIR
100 1# - MAIN ENTRY--PERSONAL NAME
Personal name Birney, Betty G.
Relator term author
245 10 - TITLE STATEMENT
Title Secrets according to Humphrey /
Statement of responsibility, etc. Betty G. Birney.
260 ## - PUBLICATION, DISTRIBUTION, ETC.
Place of publication, distribution, etc. London :
Name of publisher, distributor, etc. Faber & Faber,
Date of publication, distribution, etc. 2014.
300 ## - PHYSICAL DESCRIPTION
Extent 179 p. ;
Dimensions 20 cm.
520 ## - SUMMARY, ETC.
Summary, etc. Humphrey, the pet hamster of Longfelow School's Room 26, learns that his classroom is full of secrets, the most important of which is that a student will be leaving soon.
521 1# - TARGET AUDIENCE NOTE
Target audience note 9-12.
650 #0 - SUBJECT ADDED ENTRY--TOPICAL TERM
Topical term or geographic name entry element Hamsters
Form subdivision Juvenile fiction.
650 #0 - SUBJECT ADDED ENTRY--TOPICAL TERM
Topical term or geographic name entry element Schools
Form subdivision Juvenile fiction.
650 #0 - SUBJECT ADDED ENTRY--TOPICAL TERM
Topical term or geographic name entry element Secrets
Form subdivision Juvenile fiction.
942 ## - ADDED ENTRY ELEMENTS (KOHA)
Source of classification or shelving scheme
Koha item type Books - Non Ficton
Holdings
Withdrawn status Lost status Source of classification or shelving scheme Damaged status Not for loan Collection code Permanent Location Current Location Shelving location Date acquired Total Checkouts Total Renewals Full call number Barcode Date last seen Date last checked out Price effective from Koha item type
          Non-Fiction KH8 Primary School Library KH8 Primary School Library Non Fiction 2023-01-27 20 2 813.54 BIR KHPL000003531 2026-03-18 2026-03-03 2023-01-27 Books - Non Ficton

Powered By KH8 IT Dept